| 000 -ლიდერი |
| ფიქსირებული სიგრძის საკონტროლო ველი |
01650nam a22002657a 4500 |
| 001 - საკონტროლო ნომერი |
| საკონტროლო ველი |
|
| 003 - საკონტროლო ნომრის იდენტიფიკატორი |
| საკონტროლო ველი |
Ge_BSU |
| 005 - ბოლო ოპერაციის თარიღი და დრო |
| საკონტროლო ველი |
20250424123053.0 |
| 008 - ფიქსირებული სიგრძის მონაცემთა ელემენტები - ზოგადი ინფორმაცია |
| ფიქსირებული სიგრძის საკონტროლო ველი |
250424s2023 ge ||||| |||| 00| 0 geo d |
| 020 ## - წიგნის საერთაშორისო სტანდარტული ნომერი |
| International Standard Book Number |
9789941836169 |
| 041 ## - ენის კოდი |
| Language code of text/sound track or separate title |
geo |
| 080 ## - უნივერსალური ათობითი კლასიფიკაციის ინდექსი |
| Universal Decimal Classification number |
634.7 კ-41 |
| 245 ## - ცნობა სათაურის შესახებ |
| Title |
კენკროვანი კულტურების (ჟოლო, ლურჯი მოცვი) მოვლა-მოყვანის აგროტექნოლოგია / |
| Statement of responsibility, etc |
ნანა ჯაბნიძე, რეზო ჯაბნიძე, ლიანა ქოიავა, დავით ზოიძე ; რედაქტორი მარინე ბარვენაშვილი. |
| 264 ## - წარმოების, გამოცემის, დისტრიბუციის და სხვა ცნობები |
| გამოცემის, წარმოების, დისტრიბუციის... ადგილი |
თბილისი : |
| გამოცემის, წარმოების, დისტრიბუციის... სახელწოდება |
აგრო, |
| გამოცემის, წარმოების, დისტრიბუციის... თარიღი |
2023. |
| 300 ## - ფიზიკური აღწერა |
| Extent |
28 გვ. : |
| Other physical details |
ილ. ; |
| Dimensions |
21 სმ. |
| 500 ## - ზოგადი შენიშვნა |
| General note |
გარეკანზე და თავფურცელზე ავტორები აღნიშნულნი არ არიან |
| 504 ## - BIBLIOGRAPHY, ETC. NOTE |
| Bibliography, etc |
ბიბლიოგრაფია: გვ. 18. |
| 653 ## - INDEX TERM--UNCONTROLLED |
| Uncontrolled term |
კენკროვანი კულტურები |
| 700 ## - ADDED ENTRY--PERSONAL NAME |
| Personal name |
ჯაბნიძე, რეზო |
| Relator term |
ავტორი |
| 9 (RLIN) |
2484 |
| 700 ## - ADDED ENTRY--PERSONAL NAME |
| Personal name |
ქოიავა, ლიანა |
| Relator term |
ავტორი |
| 9 (RLIN) |
24936 |
| 700 ## - ADDED ENTRY--PERSONAL NAME |
| Personal name |
ზოიძე, დავით |
| Relator term |
ავტორი |
| 9 (RLIN) |
24937 |
| 700 ## - ADDED ENTRY--PERSONAL NAME |
| Personal name |
ბარვენაშვილი, მარინე |
| Relator term |
რედაქტორი |
| 9 (RLIN) |
24938 |
| 710 ## - ADDED ENTRY--CORPORATE NAME |
| Corporate name or jurisdiction name as entry element |
საქართველოს სოფლის მეურნეობის მეცნიერებათა აკადემია. |
| 9 (RLIN) |
13130 |
| 942 ## - ADDED ENTRY ELEMENTS (KOHA) |
| Source of classification or shelving scheme |
|
| Koha item type |
წიგნი |